| 000 | 00976nam a22002297a 4500 | ||
|---|---|---|---|
| 003 | BPGM | ||
| 008 | 260612m mx o|||gr|||| 001 u SPA d | ||
| 020 | _a968-845-253-X | ||
| 040 |
_aBPGM _bSPA |
||
| 041 |
_aSPA _hSPA |
||
| 082 | 0 | 4 |
_2CQ / 304.8097245 / M53 _aCQ / 304.8097245 / M53 _bM53 |
| 245 | _aMIGRACIÓN Y CAMBIO CULTURAL EN QUERÉTARO | ||
| 250 |
_aSEGUNDA EDICIÓN _bABRIL, 2007 |
||
| 260 |
_aMÉXICO, QUERÉTARO _bUNIVERSIDAD AUTÓNOMA DE QUERÉTARO _c2007 |
||
| 300 |
_a149 PÁGINAS; _c21.5 CM X 14.2 CM |
||
| 336 |
_2rdacontent _atexto _btxt |
||
| 337 |
_2rdamedia _asin mediación _bn |
||
| 338 |
_2rdacarrier _avolumen _bnc |
||
| 505 | _aLOS MOVIMIENTOS MIGRATORIOS, FENÓMENO CARACTERÍSTICO DEL SIGLO XX, SE OBSERVAN EN LA REALIDAD HISTÓRICA QUERETANA; TRADICIONALMENTE, EN EL TERRITORIO ESTATAL SE HAN DESARROLLADO FLUJOS COMPENSATORIOS ENTRE LAS ZONAS DE ATRACCIÓN Y LAS EXPULSORAS DE POBLACIÓN. | ||
| 650 | _aSERIE HUMANIDADES | ||
| 942 |
_2ddc _cCONSULTA |
||
| 999 |
_c68605 _d68605 |
||